000 00871nam a2200241 i 4500
001 106458
003 ES-MaACL
005 20250812062524.0
007 t|
008 221106s1960 sp ||||1| spa d
080 _a32(44)
100 1 _aAzémar de Fabrègues, Jean d'.
_924287
245 1 3 _aLa "derecha" del porvenir en Francia /
_cJean d'Azémar de Fabrègues.
260 _aMadrid :
_bAteneo,
_c1960.
300 _a59 p. ;
_c19 cm.
490 1 _aColección "O crece o muere" ;
_v138
500 _aEste trabajo fue dado a conocer en la conferencia pronunciada en el Ateneo de Madrid el día 14 de mayo de 1957.
610 2 _aAteneo de Madrid-
_vConferencias-
_y1940-1982.
_91908
651 4 _aFrancia-
_xPolítica y gobierno.
_98706
830 0 0 _aColección "O crece o muere"
_v138
_9183476
852 _aES-MaACL
_j2207-F-14
_bR.138070
999 _c106458
_d106458